Podanie daňového priznania daňovým subjektom

Definícia podania daňového priznania. Opravné daňové priznanie. Právna úprava pre dodatočné daňové priznanie.

Gespeichert in:
Bibliographische Detailangaben
1. Verfasser: Hrtánek, Ladislav
Format: Buchkapitel
Sprache:Slowakisch
Schlagworte:
Tags: Tag hinzufügen
Keine Tags, Fügen Sie das erste Tag hinzu!

MARC

LEADER 00000naa a2200000 4500
001 0279296
005 20211028081558.2
041 0 |a slo 
044 |a SK 
245 1 0 |a Podanie daňového priznania daňovým subjektom  |c Ladislav Hrtánek 
520 |a Definícia podania daňového priznania. Opravné daňové priznanie. Právna úprava pre dodatočné daňové priznanie. 
610 2 0 |a správa daňová 
610 2 0 |a dane 
610 2 0 |a priznania daňové 
610 2 0 |a legislatíva 
100 1 |a Hrtánek, Ladislav